| 000 | 00437 a2200157 4500 | ||
|---|---|---|---|
| 003 | Nust | ||
| 005 | 20170207171856.0 | ||
| 040 | _cNust | ||
| 082 | _a005.1 | ||
| 100 | _aKazmi, Syeda Nazish BESE-18 | ||
| 245 |
_aUpcycler A Sentiment Analysis Tool (Hard / Soft-copy) _cSyeda Nazish Kazmi, Usama Mukhtar, Syed Mustufain Abbas |
||
| 260 |
_aMCS, NUST _bRawalpindi _cJune 2016 |
||
| 300 | _a67 p | ||
| 650 | _aUG Projects | ||
| 651 | _aUG CSE Project | ||
| 942 | _cPRG | ||
| 999 |
_c219401 _d219401 |
||